000 00503nam a2200169 i 4500
001 65644
003 ES-MaACL
005 20230906165430.0
007 t|
008 040120s1909 fr ||||1| fre d
100 1 _aFritsch, J.
_952694
245 1 4 _aLes engrais /
_cpar J. Fritsch.
260 _aParis :
_bL. Laveur,
_c[1909]
300 _a2 v. ;
_c17 cm.
500 _aL'agriculture au XXe, encyclopédie publiée sous la direction de H.-L.-A. Blanchon et J. Fritsch.
852 _aES-MaACL
_jF-3315-16
999 _c65644
_d65644